M. Matěj z Janova - jeho život, spisy a učení

Titel: M. Matěj z Janova - jeho život, spisy a učení / Vlastimil Kybal
Verfasser:
Veröffentlicht: Brno : Marek, 2000
Umfang: 356 S.
Format: Buch
Sprache: Tschechisch
Schriftenreihe/
mehrbändiges Werk:
Pontes Pragenses ; 11
RVK-Notation:
Schlagworte:
ISBN: 8086263053
Buchumschlag
X
Lokale Klassifikation: 2 M 382 ; 23 11 C ; 23 11 D
alg: 9885260
001A    $03004:11-06-01 
001B    $01999:19-05-23 $t20:40:15.000 
001C    $03004:16-05-12 $t12:30:01.000 
001D    $03004:11-06-01 
001U    $0utf8 
001X    $00 
002@    $0Aau 
003@    $0098852604 
003O    $0614005800 $aOCoLC 
004A    $080-86263-05-3 
007A    $0098852604 $aHEB 
010@    $acze 
011@    $a2000 
013H    $0z 
021A    $aM. Matěj z Janova - jeho život, spisy a učení $hVlastimil Kybal 
028A    $D20220215 $Ecgwrk $712413470X $8Kybal, Vlastimil$Z1880-1958 [Tp1] $9107665786 
033A    $pBrno $nMarek 
034D    $a356 S. 
036E    $aPontes Pragenses $l11 
036F    $x211 $8Edice Pontes Pragenses $9192757636 $l11 
044K    $#Janow, Matthias von $#Matthias  $#Janov, Matthias von $#Magister Parisiensis $#Ianova, Matthias de $#Matthias  $#Matthias  $#Matthias  $#Matthias  $#Matthias  $#Janova, Matěj z $#Matthias  $#Matthias  $#Matěj  $#Matěj  $#Matthias  $7118731858 $8$PMatthias$lde Ianova$Z1350-1393 [Tp1] $9087072602 
045F    $a200.943710902 $eDDC23BSB 
045F/01 $a200.9 
045F/03 $f0902 
045F/03 $g4371 
045Z    $8BO 5050 [Tkv] $9407474005 

lok: 9885260 24
101B    $005-12-02 $t16:51:35.674 
101C    $011-06-01 
145Z/01 $a2 M 382 
145Z/02 $a23 11 C 
145Z/03 $a23 11 D 
101U    $0utf8 

exp: 9885260 24 1 #EPN
201B/01 $016-05-12 $t12:30:01.000 
201C/01 $011-06-01 
201U/01 $0utf8 
203@/01 $0160862906 
208@/01 $a11-06-01 $bz 
209A/01 $a01.1479 $du $f050 $h01 1479 $x00 
209C/01 $a01.1479 K $h01 1479 K 
209G/01 $a70307006 $x00 
244Z/01 $#Janow, Matthias von $#Matthias  $#Janov, Matthias von $#Magister Parisiensis $#Ianova, Matthias de $#Matthias  $#Matthias  $#Matthias  $#Matthias  $#Matthias  $#Janova, Matěj z $#Matthias  $#Matthias  $#Matěj  $#Matěj  $#Matthias  $7118731858 $8--Tp1--$PMatthias$lde Ianova$Z1350-1393 $x01 $9087072602 
247C/01 $8358050-7 Marburg, Bibliothek des Herder-Instituts Marburg $9102600961
LEADER 00000cam a2200000 c 4500
001 098852604
003 DE-603
005 20230519204015.0
007 tu
008 010611s2000 xx |||| | u00||u|cze c
020 |a 8086263053 
035 |a (DE-599)HEB098852604 
035 |a (OCoLC)614005800 
040 |a DE-603  |b ger  |c DE-603  |d DE-603 
041 |a cze 
082 0 4 |8 1\u  |a 200.943710902  |q DE-101  |2 23/BSB 
084 |a BO 5050  |0 (DE-625)14515:  |0 (DE-603)407474005  |2 rvk 
085 |8 1\u  |b 200.9 
085 |8 1\u  |z 1  |s 0902 
085 |8 1\u  |z 2  |s 4371 
100 1 |a Kybal, Vlastimil  |d 1880-1958  |0 (DE-603)107665786  |0 (DE-588)12413470X  |2 gnd 
245 0 0 |a M. Matěj z Janova - jeho život, spisy a učení  |c Vlastimil Kybal 
264 1 |a Brno  |b Marek  |c 2000 
300 |a 356 S. 
490 1 |a Pontes Pragenses  |v 11 
600 0 7 |a Matthias  |c de Ianova  |d 1350-1393  |0 (DE-588)118731858  |0 (DE-603)087072602  |2 gnd 
830 0 |t Edice Pontes Pragenses  |v 11  |w (DE-603)192757636  |w (DE-600)2110304-5  |9 211  |7 as 
924 0 |9 Mb 50  |a (DE-603)160862906  |b DE-Mb50  |c HES  |d c  |g 01.1479